Normal view
MARC view
- Han,junh H.
Entry Personal Name
001 - CONTROL NUMBER
- control field: 3186
003 - CONTROL NUMBER IDENTIFIER
- control field: OSt
005 - DATE AND TIME OF LATEST TRANSACTION
- control field: 20180629121022.0
008 - FIXED-LENGTH DATA ELEMENTS
- fixed length control field: 180629|| aca||aabn | a|a d
040 ## - CATALOGING SOURCE
- Original cataloging agency: OSt
- Transcribing agency: OSt
100 ## - HEADING--PERSONAL NAME
- Personal name: Han,junh H.
670 ## - SOURCE DATA FOUND
- Source citation: Work cat.: (OSt): Han,junh H., Innovations in food packaging /, 2017.
